[Event "AUTO-OPEN-3126"]
[Site "http://www.queenalice.com/game.php?id=1258718"]
[Date "2014.2.21"]
[Round "2"]
[White "Luke2015"]
[Black "MrGreen"]
[Result "1/2-1/2"]
[WhiteElo "2369"]
[BlackElo "2639"]

1. g4 d5 2. c4 dxc4 3. Qa4+ c6 4. Qxc4 e5 5. Nf3 Be6 6. Qc2 Bd6 7. Rg1 Na6 8.
Nc3 Nf6 9. g5 Nd7 10. a3 Nac5 11. b4 Nb3 12. Rb1 Nxc1 13. Ne4 Qc7 14. Rxc1 a5
15. e3 axb4 16. axb4 Bxb4 17. Bc4 Bxc4 18. Qxc4 Be7 19. h4 O-O 20. h5 Nb6 21.
Qc2 Nd5 22. h6 Nb4 23. Qc4 g6 24. Ke2 Rfd8 25. Rb1 Nd5 26. Ra1 b5 27. Qb3 Nb6
28. Qc3 Nd7 29. Rxa8 Rxa8 30. Ra1 Ra4 31. Rxa4 bxa4 32. d4 Qb6 33. Nxe5 Qb5+ 34.
Nd3 Bf8 35. Nc5 Nxc5 36. dxc5 Qb1 37. Kd2 1/2-1/2

[Event "AUTO-ELITE-1261"]
[Site "http://www.queenalice.com/game.php?id=1279140"]
[Date "2014.5.5"]
[Round "2"]
[White "Ettedualc"]
[Black "MrGreen"]
[Result "1/2-1/2"]
[WhiteElo "2508"]
[BlackElo "2645"]

1. h3 d5 2. Nf3 Nf6 3. d4 Bf5 4. Nc3 e6 5. Bg5 h6 6. Bxf6 Qxf6 7. e3 Bb4 8. Bb5+
c6 9. Bd3 Nd7 10. O-O g5 11. e4 dxe4 12. Bxe4 Bxc3 13. Bxf5 Bxb2 14. Rb1 Qxf5
15. Rxb2 b6 16. Re1 h5 17. Nd2 Kf8 18. c3 g4 19. h4 Kg7 20. Ne4 Nf6 21. Ng3 Qf4
22. Re5 Rad8 23. Rg5+ Kf8 24. Re2 Qc7 25. Ree5 Rd5 26. c4 Rd7 27. Ne2 Qd8 28.
Qd2 Rd6 29. Qf4 Rh7 30. Re3 Rd7 31. Rd3 Rd6 32. a4 Rh8 33. Ng3 Rh7 34. a5 Rh8
35. Qe5 Rh6 36. Qe3 Rh7 37. Rd1 Rd7 38. Qe5 Rh6 39. Qf4 Rh8 40. Qd2 Rh7 41. Qc3
c5 42. axb6 axb6 43. d5 exd5 44. cxd5 Nxd5 45. Qb2 Nf6 46. Rxd7 Nxd7 47. Nxh5
Qe7 48. Qa1 Qe6 49. Nf4 Qd6 50. g3 Nf6 51. Nd5 Rh6 52. Ne3 Ne8 53. Rxg4 Qf6 54.
Qb1 Qc6 55. Rg5 Rg6 56. Rh5 Nf6 57. Rf5 Ng4 58. Nxg4 Rxg4 59. Rxf7+ Kxf7 60.
Qf5+ Ke8 61. Qxg4 c4 62. Qg8+ Ke7 63. Qg7+ Ke8 64. Qe5+ Kf7 65. Qc3 b5 66. h5
Qe4 67. h6 Qg6 68. Qf3+ Kg8 69. Qb7 Qxh6 70. Qxb5 Qc1+ 71. Kg2 1/2-1/2

[Event "AUTO-ELITE-1261"]
[Site "http://www.queenalice.com/game.php?id=1279141"]
[Date "2014.5.5"]
[Round "2"]
[White "MrGreen"]
[Black "Ettedualc"]
[Result "1-0"]
[WhiteElo "2640"]
[BlackElo "2515"]

1. Nf3 g6 2. e4 Bg7 3. d4 d6 4. Nc3 Nf6 5. Bb5+ c6 6. Be2 O-O 7. O-O Nbd7 8. h3
e5 9. dxe5 Nxe5 10. Bf4 Qe7 11. Qd2 b5 12. a3 Bb7 13. Qe3 Nfd7 14. Rfd1 Rfe8 15.
Rd2 Bf6 16. Rad1 Nb6 17. b3 Nxf3+ 18. Qxf3 d5 19. exd5 Bxc3 20. Qxc3 Nxd5 21.
Qg3 Qxa3 22. Be5 Re6 23. Bg4 Ree8 24. Re2 Rad8 25. Rde1 Bc8 26. Bf3 Qf8 27. c4
Nb4 28. Bf6 Rxe2 29. Rxe2 Rd1+ 30. Kh2 Be6 31. Bc3 Rd3 32. Qe5 Rxc3 33. Qxc3
bxc4 34. bxc4 c5 35. Rd2 Qe7 36. Qe5 f6 37. Qb8+ Kg7 38. Bd5 Na6 39. Qa8 Qd6+
40. g3 Bf7 41. Bxf7 Qxd2 42. Qg8+ Kh6 43. Qf8+ Kg5 44. Kg2 Qd7 45. f4+ Kf5 46.
Bd5 Nb4 47. Qg8 Nd3 48. Be6+ Qxe6 49. g4+ Ke4 50. Qxe6+ Kd4 51. Kf3 f5 52. gxf5
gxf5 53. Qxf5 Kc3 54. Ke3 Nb4 55. Qxc5 Nc2+ 56. Ke4 h6 57. f5 1-0

[Event "AUTO-ELITE-1181"]
[Site "http://www.queenalice.com/game.php?id=1280505"]
[Date "2014.5.9"]
[Round "2"]
[White "caboclo"]
[Black "MrGreen"]
[Result "1/2-1/2"]
[WhiteElo "2637"]
[BlackElo "2645"]

1. e4 e5 2. Nf3 Nc6 3. Bb5 Nf6 4. O-O Be7 5. Re1 d6 6. d4 exd4 7. Bxc6+ bxc6 8.
Nxd4 Bd7 9. c4 O-O 10. Nc3 Re8 11. Qf3 Qc8 12. h3 Bd8 13. Bf4 c5 14. Nb3 Bc6 15.
Na5 Bb7 16. Rad1 Nd7 17. Nd5 Rb8 18. Nxb7 Qxb7 19. b3 Re6 20. Qg3 Rg6 21. Qh2
Ra8 22. Bc1 Ne5 23. Kh1 Bh4 24. Re2 Re6 25. f4 Nd7 26. f5 Ree8 27. Bb2 c6 28.
Nf4 Nf6 29. g3 Bg5 30. Qg2 Qe7 31. h4 Bh6 32. e5 dxe5 33. Rxe5 Rad8 34. Nd3 Qc7
35. Rxe8+ Nxe8 36. Qf3 g6 37. Kg2 Bg7 38. Bc1 Bd4 39. Bg5 f6 40. Bf4 Qc8 41.
fxg6 hxg6 42. Qe4 Kf7 43. h5 gxh5 44. Re1 Ng7 45. Bh6 Kg8 46. Bxg7 f5 47. Qh4
Bxg7 48. Qxh5 Qd7 49. Ne5 Qe6 50. Nf3 Qf7 51. Qg5 Qf6 52. Qxf6 Bxf6 53. Re6 Kf7
54. Rxc6 Re8 55. Rxc5 Re2+ 56. Kh3 Rxa2 57. Rxf5 a5 58. g4 Ke6 59. Rb5 Ba1 60.
Rb6+ Kd7 61. g5 a4 62. g6 Ke7 63. bxa4 Rxa4 64. c5 Rc4 65. Ng5 Rxc5 66. Rb7+ Ke8
67. Kg4 Rc1 68. g7 Bxg7 69. Rxg7 Re1 70. Rh7 Re7 71. Rh6 Kd7 72. Kf5 Kc7 73. Ne4
Re8 74. Kf4 Re7 75. Kf3 Re8 76. Kf4 Re7 77. Ke3 Rd7 78. Nc3 Kb7 79. Re6 Kc7 80.
Rg6 Rd8 81. Nb5+ Kd7 82. Rd6+ Ke7 83. Rxd8 Kxd8 1/2-1/2

[Event "AUTO-OPEN-2972"]
[Site "http://www.queenalice.com/game.php?id=1281633"]
[Date "2014.5.14"]
[Round "3"]
[White "MrGreen"]
[Black "Patzer58"]
[Result "1-0"]
[WhiteElo "2644"]
[BlackElo "2326"]

1. Nf3 e6 2. g3 f5 3. Bg2 Nf6 4. c4 d5 5. cxd5 exd5 6. Nc3 c6 7. O-O Na6 8. d3
Be7 9. e3 O-O 10. Ne2 Bd6 11. Bd2 Nc5 12. Bc3 a5 13. Qc2 Qe7 14. Rac1 Bd7 15. a3
a4 16. Rcd1 Ne6 17. Nf4 Nc7 18. Rfe1 Rfe8 19. Rc1 Nb5 20. Bd2 b6 21. Bf1 Rec8
22. d4 Ne4 23. Bxb5 cxb5 24. Qd3 Bc6 25. h4 Qe8 26. Qe2 b4 27. Bxb4 Bb5 28. Qd1
Rxc1 29. Qxc1 Rc8 30. Qd1 Bxb4 31. axb4 Qc6 32. Nd2 Qd6 33. Kg2 g6 34. Nxe4 dxe4
35. g4 Qxb4 36. gxf5 gxf5 37. Qh5 Qf8 38. Kh1 Be8 39. Qg5+ Kh8 40. Rg1 1-0

[Event "AUTO-OPEN-2972"]
[Site "http://www.queenalice.com/game.php?id=1281634"]
[Date "2014.5.14"]
[Round "3"]
[White "Patzer58"]
[Black "MrGreen"]
[Result "0-1"]
[WhiteElo "2329"]
[BlackElo "2642"]

1. c4 e5 2. Nc3 Nf6 3. Nf3 Nc6 4. e3 Bb4 5. Qc2 d6 6. d3 Bxc3+ 7. bxc3 O-O 8.
Be2 Qe7 9. e4 Re8 10. O-O Nb8 11. Re1 Nbd7 12. d4 b6 13. Bd3 Bb7 14. Rb1 Nh5 15.
Bg5 Qe6 16. Bd2 Nf4 17. Bxf4 exf4 18. Qa4 Re7 19. h3 Qh6 20. Rb2 Nf8 21. Qb5 Ng6
22. Qa4 a6 23. c5 dxc5 24. dxc5 b5 25. Qd4 Bc6 26. c4 b4 27. Rxb4 Nh4 28. Nxh4
Qxh4 29. Rb3 f3 30. gxf3 Re6 31. Kh2 Rd8 32. Qe3 f5 33. f4 fxe4 34. Rg1 Rf8 35.
Rg4 Qe7 36. Bb1 Ref6 37. f3 h5 38. Rh4 Rf5 39. Bxe4 Bxe4 40. fxe4 Rxc5 41. Qe1
Rxc4 42. Rxh5 Rxe4 43. Qh4 Re2+ 44. Kg3 Qxh4+ 45. Rxh4 Rxa2 46. Rc3 Rf7 47. Rh5
a5 0-1

[Event "AUTO-ELITE-1177"]
[Site "http://www.queenalice.com/game.php?id=1282291"]
[Date "2014.5.17"]
[Round "2"]
[White "pikejohn"]
[Black "MrGreen"]
[Result "0-1"]
[WhiteElo "2418"]
[BlackElo "2636"]

1. e4 e5 2. Nf3 Nc6 3. Bc4 Nf6 4. Ng5 d5 5. exd5 Na5 6. Bb5+ c6 7. dxc6 bxc6 8.
Qf3 Be7 9. Bxc6+ Nxc6 10. Qxc6+ Bd7 11. Qf3 Rc8 12. O-O O-O 13. Nc3 Ng4 14. h3
Nh6 15. Nge4 f5 16. Ng3 Bc6 17. Qh5 f4 18. Nge4 Nf5 19. Qd1 Nd4 20. f3 Bxe4 21.
Nxe4 Nxc2 22. Rb1 Qd3 23. b3 Rfd8 24. Bb2 Ne3 25. dxe3 Qxe3+ 26. Kh1 Rxd1 27.
Rbxd1 Bf6 28. Rfe1 Qb6 29. Bc3 Rd8 30. Rxd8+ Qxd8 31. Rc1 Qd3 32. Kh2 h6 33. Ba5
Bh4 34. Rc8+ Kh7 35. Bb4 Bg3+ 36. Nxg3 fxg3+ 37. Kxg3 e4 38. Rc4 e3 39. Kh2 e2
40. Re4 g5 41. h4 gxh4 42. Be1 h3 0-1

[Event "AUTO-ELITE-1177"]
[Site "http://www.queenalice.com/game.php?id=1282292"]
[Date "2014.5.17"]
[Round "2"]
[White "MrGreen"]
[Black "pikejohn"]
[Result "1/2-1/2"]
[WhiteElo "2638"]
[BlackElo "2413"]

1. Nf3 Nf6 2. d4 d5 3. c4 c6 4. e3 Bf5 5. Nc3 e6 6. Nh4 Bg6 7. Be2 dxc4 8. Nxg6
hxg6 9. h3 b5 10. Bf3 Nd5 11. a4 b4 12. Ne4 c3 13. bxc3 bxc3 14. O-O Bb4 15. a5
O-O 16. Ba3 Qxa5 17. Bxb4 Qxb4 18. Qc2 a5 19. Rfb1 Qe7 20. Nxc3 Nb4 21. Qd2 Rd8
22. Na2 N8a6 23. Nc1 Rac8 24. Rxa5 c5 25. Be2 cxd4 26. exd4 Rb8 27. Rb5 Rxb5 28.
Bxb5 Qd6 29. Ne2 Nd5 30. Bd3 Nab4 31. Be4 Nc6 32. Bf3 Qa3 33. Qg5 Qa6 34. Rc1
Rd6 35. g3 Nce7 36. Kg2 f6 1/2-1/2

[Event "AUTO-ELITE-1177"]
[Site "http://www.queenalice.com/game.php?id=1282295"]
[Date "2014.5.17"]
[Round "2"]
[White "MrGreen"]
[Black "Talon"]
[Result "0-1"]
[WhiteElo "2632"]
[BlackElo "2486"]

1. Nf3 Nf6 2. d4 e6 3. Bf4 Be7 4. c4 b6 5. g3 O-O 6. Bg2 Bb7 7. O-O d5 8. Ne5
Qc8 9. Nc3 dxc4 10. Qa4 Bxg2 11. Kxg2 Qb7+ 12. f3 Nd5 13. Qxc4 Bd6 14. Qa4 Bxe5
15. Nxd5 exd5 16. Bxe5 Nc6 17. Bf4 Nd8 18. Rac1 Ne6 19. Be3 Rfc8 20. Qb5 c6 21.
Qd3 Rc7 22. Rfd1 Re7 23. Bf2 g6 24. e3 f5 25. b4 Qd7 26. Rd2 Rc8 27. Rdc2 Qd6
28. Be1 Rec7 29. a4 Kg7 30. h4 Kg8 31. h5 Qf8 32. b5 cxb5 33. axb5 Qe8 34. Rxc7
Rxc7 35. Ra1 Ng5 36. Bf2 Qc8 37. hxg6 hxg6 38. Qa3 Nf7 39. Rh1 Qe8 40. Qb3 Qe6
41. Rh4 g5 42. Rh5 Kg7 43. Qb1 Qg6 44. Rh1 Nd6 45. Qb3 Nc4 46. Qd1 Kg8 47. Qe2
Rh7 48. Rxh7 Kxh7 49. Qa2 Qf7 50. Qb1 Kg7 51. Qd1 Nd6 52. Qc1 g4 53. Qc6 Ne8 54.
Qc8 gxf3+ 55. Kxf3 Qh5+ 56. Kg2 Nf6 57. Qc6 Qe2 58. Qc7+ Kg6 59. Qc6 Qd3 60. Kg1
Qb1+ 61. Kg2 Qe4+ 62. Kf1 Qh1+ 63. Ke2 Qh5+ 64. Ke1 Kg5 65. Qc7 Qh7 66. Qb8 Qe7
67. Ke2 Qd7 68. Kf3 Kg6 69. Qa8 Qxb5 70. Qxa7 Qb1 71. Qb8 b5 72. Ke2 Qc2+ 73.
Ke1 b4 74. g4 fxg4 75. Bh4 Qd3 76. Bxf6 Qxe3+ 77. Kf1 Kxf6 78. Qxb4 Kf5 79. Kg2
Qf3+ 80. Kg1 Qd3 81. Kg2 Ke4 82. Qc5 Qxd4 83. Qf8 Kd3 84. Kg3 Kc2 0-1

[Event "AUTO-ELITE-1177"]
[Site "http://www.queenalice.com/game.php?id=1282296"]
[Date "2014.5.17"]
[Round "2"]
[White "Talon"]
[Black "MrGreen"]
[Result "1/2-1/2"]
[WhiteElo "2483"]
[BlackElo "2638"]

1. c4 e5 2. Nc3 Nf6 3. Nf3 Nc6 4. e4 Bb4 5. d3 O-O 6. a3 Bxc3+ 7. bxc3 d6 8. Be2
h6 9. O-O Qe7 10. Ne1 Nd8 11. f3 Ne6 12. Be3 Nh5 13. g3 b6 14. Qd2 Nc5 15. Bd1
Bd7 16. Ng2 Nf6 17. Bc2 Nb7 18. Qe2 Rac8 19. Bd2 Bh3 20. Rfe1 Bxg2 21. Kxg2 c6
22. Be3 Rfe8 23. d4 Red8 24. Red1 Qe6 25. Bd3 c5 26. d5 Qd7 27. Bc2 Na5 28. Rab1
Rb8 29. Rf1 Re8 30. Rb5 Rf8 31. Rfb1 Qc8 32. Rd1 Qa6 33. Ra1 Rfe8 34. Qd3 Re7
35. Qe2 Rc8 36. Bd3 Rf8 37. Rab1 Rfe8 38. Kg1 Qc8 39. Kg2 Nh7 40. Qf1 Rd8 41.
Qc1 Qd7 42. Qf1 Ng5 43. h4 Nh7 44. Qe2 Nf8 45. Bc2 Qc8 46. Bd3 Rde8 47. Bf2 Qa6
48. Qd2 Nb7 49. Ra1 Rc7 50. Be3 Na5 51. Qe1 Nh7 52. g4 Rce7 53. Kg1 Nf8 54. Rab1
Rd8 55. Qe2 Qc8 56. Qh2 Qc7 57. Qg3 Ree8 58. Rf1 Qe7 59. Rf2 Qd7 60. Rfb2 Re7
61. Kf1 Nb7 62. Kg2 Ree8 63. Kf1 Rc8 64. Kg1 Re7 65. Bf1 Rce8 66. Bd3 Na5 67.
Qe1 Qc8 68. Qg3 Rd8 69. Kg2 Qc7 1/2-1/2

[Event "AUTO-OPEN-3008"]
[Site "http://www.queenalice.com/game.php?id=1285597"]
[Date "2014.6.2"]
[Round "3"]
[White "sovay"]
[Black "MrGreen"]
[Result "1/2-1/2"]
[WhiteElo "2641"]
[BlackElo "2635"]

1. e4 e5 2. f4 exf4 3. Nf3 Be7 4. Bc4 Bh4+ 5. Kf1 Be7 6. d4 Nf6 7. e5 Ne4 8. Bd5
Ng5 9. Bxf4 Ne6 10. Be3 d6 11. Nc3 dxe5 12. Nxe5 O-O 13. Qf3 Bd6 14. Rd1 Nd7 15.
Kg1 c6 16. Bb3 Bxe5 17. dxe5 Nxe5 18. Qg3 Qa5 19. h3 Ng6 20. Ne4 h5 21. Nd6 h4
22. Qf2 Qe5 23. c3 b6 24. Nf5 c5 25. Re1 Nef4 26. Nxh4 Nd3 27. Nxg6 Qd6 28. Qc2
Qxg6 29. Bc4 Rd8 30. Rd1 Bf5 31. Bxd3 Rxd3 32. Rxd3 Bxd3 33. Qd2 Re8 34. Kh2
1/2-1/2

[Event "AUTO-OPEN-3008"]
[Site "http://www.queenalice.com/game.php?id=1285598"]
[Date "2014.6.2"]
[Round "3"]
[White "MrGreen"]
[Black "sovay"]
[Result "1/2-1/2"]
[WhiteElo "2635"]
[BlackElo "2641"]

1. Nf3 d5 2. d4 Nf6 3. c4 e6 4. Nc3 Be7 5. Bf4 O-O 6. e3 Nbd7 7. Qc2 c5 8. dxc5
Nxc5 9. Be2 dxc4 10. Bxc4 a6 11. a4 Qa5 12. O-O b6 13. Rfd1 Bb7 14. Rd4 Bxf3 15.
gxf3 Nb7 16. Bg3 b5 17. Bf1 Rac8 18. Qe2 b4 19. Na2 Ra8 20. Rc4 Nh5 21. Bc7 Qxa4
22. b3 Qd7 23. f4 Nc5 24. Ba5 Nxb3 25. Rd1 Qxd1 26. Qxd1 Nxa5 27. Rc7 Bd8 28.
Rc1 b3 29. Qxh5 bxa2 30. Ra1 Nc6 31. Rxa2 Nb4 32. Rd2 g6 33. Qc5 Nd5 34. Bg2 Be7
35. Qc4 a5 36. Bxd5 exd5 37. Qa4 Rfd8 38. Kg2 Bb4 1/2-1/2

[Event "AUTO-ELITE-1175"]
[Site "http://www.queenalice.com/game.php?id=1286397"]
[Date "2014.6.6"]
[Round "2"]
[White "Lucius1"]
[Black "MrGreen"]
[Result "1/2-1/2"]
[WhiteElo "2602"]
[BlackElo "2637"]

1. d4 d5 2. c4 e6 3. Nf3 Nf6 4. Nc3 Be7 5. Bg5 h6 6. Bh4 O-O 7. e3 b6 8. cxd5
Nxd5 9. Bxe7 Qxe7 10. Nxd5 exd5 11. Rc1 Bb7 12. Be2 c5 13. dxc5 bxc5 14. O-O Nd7
15. Qc2 Rac8 16. Qb3 Rb8 17. Qa3 d4 18. Nxd4 Bxg2 19. Kxg2 Qg5+ 20. Kh1 cxd4 21.
exd4 Nf6 22. Rc2 Qf5 23. Qd3 Qd5+ 24. Qf3 Qxd4 25. b3 Rfe8 26. Rd1 Qe5 27. Bc4
Rbd8 28. Rg1 Qe4 29. Qxe4 Rxe4 30. f3 Re7 31. Kg2 Rd4 32. Kf2 Rh4 33. Kf1 Rd7
34. Rgg2 Rf4 35. Rgf2 Nd5 36. Bxd5 Rxd5 37. Rc8+ Kh7 38. Kg2 Rg5+ 39. Kf1 Rgf5
40. Kg2 a5 41. Rc4 a4 42. Kg3 Rxc4 43. bxc4 Rc5 44. Rc2 Kg6 45. Kf4 Kf6 46. Ke4
Ke6 47. Kd4 Rh5 48. Rb2 Kd6 49. Rb4 a3 50. Rb6+ Kc7 51. Ra6 Rxh2 52. Rxa3 Kb7
53. Kc5 Re2 54. Rd3 Kc7 55. a4 h5 56. f4 Rf2 57. a5 Rxf4 58. a6 Rf5+ 59. Kb4 Rf1
60. Ra3 Rb1+ 61. Kc5 Kb8 62. a7+ Ka8 63. Rh3 g6 64. Kc6 Rc1 65. c5 Kxa7 66. Rf3
f5 67. Ra3+ Kb8 68. Rg3 f4 1/2-1/2

[Event "AUTO-ELITE-1175"]
[Site "http://www.queenalice.com/game.php?id=1286398"]
[Date "2014.6.6"]
[Round "2"]
[White "MrGreen"]
[Black "Lucius1"]
[Result "1/2-1/2"]
[WhiteElo "2633"]
[BlackElo "2593"]

1. Nf3 Nf6 2. d4 g6 3. c4 Bg7 4. Nc3 O-O 5. e4 d6 6. h3 e5 7. dxe5 dxe5 8. Bg5
Nbd7 9. Be2 c6 10. Qd6 Re8 11. O-O Bf8 12. Qd2 Bb4 13. Qd3 b6 14. Na4 Be7 15.
Rfd1 Qc7 16. Bh4 h6 17. a3 g5 18. Bg3 Nh5 19. Nd4 Nf4 20. Bxf4 exf4 21. Qc2 Ne5
22. c5 b5 23. Nc3 Rd8 24. b4 a5 25. Rab1 Bf8 26. Bxb5 axb4 27. axb4 cxb5 28. Nd5
Qb8 29. c6 Rxd5 30. exd5 f3 31. g4 h5 32. Nf5 Nc4 33. Qe4 hxg4 34. hxg4 Bxf5 35.
gxf5 Qf4 36. Qxf4 gxf4 37. Ra1 Rc8 38. Ra6 Kg7 39. Rda1 Bxb4 40. Ra8 Rxa8 41.
Rxa8 Bd6 42. Ra7 Kf6 43. c7 Nb6 44. Rb7 Nc8 45. Rb8 Bxc7 46. Rxc8 Bd6 47. Rc1
Kxf5 48. Kf1 1/2-1/2

[Event "AUTO-OPEN-3126"]
[Site "http://www.queenalice.com/game.php?id=1298183"]
[Date "2014.7.30"]
[Round "3"]
[White "MrGreen"]
[Black "Luke2015"]
[Result "1/2-1/2"]
[WhiteElo "2647"]
[BlackElo "2482"]

1. Nf3 g6 2. g3 Bg7 3. Bg2 d5 4. d4 Nf6 5. O-O O-O 6. c4 dxc4 7. Na3 Nc6 8. Nxc4
Bf5 9. b3 Be4 10. Bb2 Qc8 11. Re1 Rd8 12. Ncd2 Bxf3 13. Nxf3 e5 14. e3 e4 15.
Nd2 Qe6 16. a3 Rd7 17. b4 Re8 18. Rc1 a6 19. Rc5 Rdd8 20. d5 Rxd5 21. Bxf6 Bxf6
22. Rxd5 Qxd5 23. Nxe4 Qf5 24. Nxf6+ Qxf6 25. Qd7 Rf8 26. Qxc7 Qc3 27. Rd1 Qxa3
28. Bxc6 bxc6 29. Qe7 Rb8 30. h4 Qa2 31. Rd6 h5 32. e4 Qc2 33. Rf6 Qc1+ 34. Kh2
Rf8 35. Kg2 Qc3 36. Rd6 Qc4 37. e5 Qe4+ 38. Kh2 Qf3 39. Kg1 Qe2 40. Rf6 Qd1+ 41.
Kg2 Qd8 42. Qxd8 Rxd8 43. e6 fxe6 44. Rxg6+ Kf7 45. Rh6 Rd5 46. Rh7+ Kf6 47. Ra7
c5 1/2-1/2

[Event "AUTO-OPEN-3126"]
[Site "http://www.queenalice.com/game.php?id=1298184"]
[Date "2014.7.30"]
[Round "3"]
[White "Luke2015"]
[Black "MrGreen"]
[Result "0-1"]
[WhiteElo "2487"]
[BlackElo "2642"]

1. g4 d5 2. Bg2 Bxg4 3. c4 c6 4. Qb3 Nf6 5. Nc3 e6 6. Qxb7 Nbd7 7. h3 Bh5 8. Nf3
Bxf3 9. Bxf3 Ne5 10. cxd5 Nxf3+ 11. exf3 cxd5 12. Rg1 g6 13. d4 Bg7 14. Qc6+ Nd7
15. Bg5 Rc8 16. Qa6 Bf6 17. Bxf6 Nxf6 18. Qa3 Qd7 19. h4 h5 20. O-O-O Qe7 21.
Qxe7+ Kxe7 22. Rd3 Ne8 23. Kd2 Nd6 24. Nd1 Rb8 25. b3 a5 26. Ne3 a4 27. Re1 Kf6
28. Rc1 axb3 29. axb3 Ra8 30. Rc6 Rhd8 31. Ke2 Ra1 32. Rd1 Rxd1 33. Kxd1 g5 34.
hxg5+ Kxg5 35. Rc3 Rc8 36. Rxc8 Nxc8 37. Ke2 Nd6 38. Kf1 Kf4 39. Kg2 h4 40. Ng4
h3+ 41. Kxh3 Kxf3 42. Ne5+ Kxf2 43. b4 Ke3 44. Kg4 Kxd4 45. Kf4 Kc3 46. b5 d4
47. b6 d3 48. Ng4 d2 49. Ne3 Kd3 50. Nd1 f5 51. Kg5 e5 52. b7 Nxb7 53. Kxf5 e4
0-1

[Event "AUTO-ELITE-1267"]
[Site "http://www.queenalice.com/game.php?id=1305507"]
[Date "2014.9.1"]
[Round "2"]
[White "Norfair"]
[Black "MrGreen"]
[Result "0-1"]
[WhiteElo "2559"]
[BlackElo "2622"]

1. e4 e5 2. Nf3 Nc6 3. Bb5 Nf6 4. O-O Be7 5. Nc3 d6 6. d4 exd4 7. Nxd4 Bd7 8. h3
O-O 9. a4 a6 10. Nxc6 Bxc6 11. Bxc6 bxc6 12. Be3 Nd7 13. Qd3 Bf6 0-1

[Event "AUTO-ELITE-1267"]
[Site "http://www.queenalice.com/game.php?id=1305508"]
[Date "2014.9.1"]
[Round "2"]
[White "MrGreen"]
[Black "Norfair"]
[Result "1-0"]
[WhiteElo "2629"]
[BlackElo "2537"]

1. Nf3 Nf6 2. d4 g6 3. c4 Bg7 4. Nc3 d5 5. e3 O-O 6. cxd5 Nxd5 7. Bc4 Nb6 8. Be2
c5 9. O-O cxd4 10. Nxd4 Nc6 11. Nxc6 bxc6 12. e4 Bd4 13. Bh6 Re8 14. Qd2 1-0